Logo CIB grande

MEJORAMIENTO DE LAS COSECHAS (Registro nro. 222650)

Detalles MARC
000 -LEADER
campo de control de longitud fija 00939nam a2200277Ia 4500
005 - FECHA Y HORA DE LA ÚLTIMA TRANSACCIÓN
campo de control 20250425162120.0
008 - DATOS DE LONGITUD FIJA--INFORMACIÓN GENERAL
campo de control de longitud fija 250425s9999 xx 000 0 und d
020 ## - NÚMERO INTERNACIONAL ESTÁNDAR DEL LIBRO
Número Internacional Estándar del Libro 9681825055
041 ## - CÓDIGO DE IDIOMA
Código de lengua del texto/banda sonora o título independiente spa
082 ## - NÚMERO DE LA CLASIFICACIÓN DECIMAL DEWEY
Número de clasificación 631.56
010 ## - NÚMERO DE CONTROL DE LA BIBLIOTECA DEL CONGRESO
Número de control de LC 51093
100 ## - ENTRADA PRINCIPAL--NOMBRE DE PERSONA
Nombre de persona POEHLMAN, JOHN MILTON
245 #0 - MENCIÓN DEL TÍTULO
Título MEJORAMIENTO DE LAS COSECHAS
250 ## - MENCION DE EDICION
Mención de edición 1A ED.
260 ## - PUBLICACIÓN, DISTRIBUCIÓN, ETC.
Lugar de publicación, distribución, etc. MEXICO
260 ## - PUBLICACIÓN, DISTRIBUCIÓN, ETC.
Lugar de publicación, distribución, etc. México
Nombre del editor, distribuidor, etc. LIMUSA
Fecha de publicación, distribución, etc. 1990
300 ## - DESCRIPCIÓN FÍSICA
Extensión 452
500 ## - NOTA GENERAL
Nota general EN CIBGZ-FIMC D-30501 V.1/502V.2 PARA ING. AGROP.
520 ## - RESUMEN, ETC.
Sumario, etc. PRESENTA DETALLADAMENTE LA METODOLOGIA Y LOS RESULTADOS DEL MEJORAMIENTO GENETICO DE VARIAS ESPECIES, ENTRE LAS QUE TENEMOS AL TABACO, LO QUE HA DADO UN GRAN IMPULSO A LA INDUSTRIA TABACALERA Y HA DESPERTADO UN RECHAZO POR PARTE DE QUIENES DEFIENDEN
650 ## - PUNTO DE ACCESO ADICIONAL DE MATERIA--TÉRMINO DE MATERIA
Término de materia o nombre geográfico como elemento de entrada CULTIVO Y COSECHA
650 ## - PUNTO DE ACCESO ADICIONAL DE MATERIA--TÉRMINO DE MATERIA
Término de materia o nombre geográfico como elemento de entrada GENETICA DE LOS CULTIVOS
650 ## - PUNTO DE ACCESO ADICIONAL DE MATERIA--TÉRMINO DE MATERIA
Término de materia o nombre geográfico como elemento de entrada MAIZ-PRODUCCION
650 ## - PUNTO DE ACCESO ADICIONAL DE MATERIA--TÉRMINO DE MATERIA
Término de materia o nombre geográfico como elemento de entrada SEMILLAS OLEAGINOSAS
650 ## - PUNTO DE ACCESO ADICIONAL DE MATERIA--TÉRMINO DE MATERIA
Término de materia o nombre geográfico como elemento de entrada SOYA
942 ## - ELEMENTOS DE ENTRADA SECUNDARIOS (KOHA)
Tipo de ítem Koha Libros
Existencias
Estatus retirado Estado de pérdida Estado de daño No para préstamo Biblioteca de origen Biblioteca actual Fecha de adquisición Coste, precio normal de compra Total de préstamos Código de barras Copia número
        FACULTAD DE INGENIERIA MECANICA Y CIENCIAS DE LA PRODUCCION FACULTAD DE INGENIERIA MECANICA Y CIENCIAS DE LA PRODUCCION 22/10/2003 10.00   D-30502 1

Copyright 2025 ESPOL. Todos los derechos reservados.